| 000 | 00505pab a2200193 454500 | ||
|---|---|---|---|
| 008 | 180718b2009 xxu||||| |||| 00| 0 eng d | ||
| 100 | _aMukim, Megha | ||
| 245 | _aMarket integration, transaction costs and the Indian wheat market: a systematic study | ||
| 260 | _c2009 | ||
| 300 | _ap.149-55. | ||
| 362 | _a30 May | ||
| 650 | _aWheat - India | ||
| 650 | _aWheat | ||
| 700 | _aKanakaraj, A. | ||
| 700 | _aSingh, Karan | ||
| 773 | _aEconomic and Political Weekly | ||
| 908 | _aN | ||
| 909 | _a82524 | ||
| 999 |
_c82524 _d82524 |
||